Recent development and new directions in soft computing (Record no. 13596)
[ view plain ]
| 000 -LEADER | |
|---|---|
| fixed length control field | 00779 a2200253 4500 |
| 001 - CONTROL NUMBER | |
| control field | 148740 |
| 003 - CONTROL NUMBER IDENTIFIER | |
| control field | OSt |
| 005 - DATE AND TIME OF LATEST TRANSACTION | |
| control field | 20211011173813.0 |
| 008 - FIXED-LENGTH DATA ELEMENTS--GENERAL INFORMATION | |
| fixed length control field | |
| 082 ## - DEWEY DECIMAL CLASSIFICATION NUMBER | |
| Classification number | 006.3 |
| Item number | Z19R |
| 245 1# - TITLE STATEMENT | |
| Title | Recent development and new directions in soft computing |
| Statement of responsibility, etc | edited by Lotfi A. Zaheh, Ali M. Abbasov, R. R. Yager, S.N. Shahbazova and M.Z. Reformat |
| 260 ## - PUBLICATION, DISTRIBUTION, ETC. (IMPRINT) | |
| Place of publication, distribution, etc | Switzerland |
| Name of publisher, distributor, etc | Springer |
| Date of publication, distribution, etc | 2014 |
| 300 ## - PHYSICAL DESCRIPTION | |
| Extent | 466p. |
| 653 ## - INDEX TERM--UNCONTROLLED | |
| Uncontrolled term | Mathematics |
| 653 ## - INDEX TERM--UNCONTROLLED | |
| Uncontrolled term | Soft computing |
| 653 ## - INDEX TERM--UNCONTROLLED | |
| Uncontrolled term | Decision making |
| 653 ## - INDEX TERM--UNCONTROLLED | |
| Uncontrolled term | Probabilistic reasoning |
| 700 ## - ADDED ENTRY--PERSONAL NAME | |
| Personal name | Zadeh, Lotfi A. |
| Relator term | Editor |
| 700 ## - ADDED ENTRY--PERSONAL NAME | |
| Personal name | Abbasov, Ali M. |
| Relator term | Editor |
| 700 ## - ADDED ENTRY--PERSONAL NAME | |
| Personal name | Yagar, R.R. |
| Relator term | Editor |
| 700 ## - ADDED ENTRY--PERSONAL NAME | |
| Personal name | Shahbazova, S.N. |
| Relator term | Editor |
| 700 ## - ADDED ENTRY--PERSONAL NAME | |
| Personal name | Reformat, M.Z. |
| Relator term | Editor |
| 942 ## - ADDED ENTRY ELEMENTS (KOHA) | |
| Source of classification or shelving scheme | Dewey Decimal Classification |
| Koha item type | Books |
| Withdrawn status | Lost status | Source of classification or shelving scheme | Damaged status | Not for loan | Collection code | Home library | Current library | Date acquired | Source of acquisition | Cost, normal purchase price | Full call number | Barcode | Checked out | Date last seen | Price effective from | Koha item type |
|---|---|---|---|---|---|---|---|---|---|---|---|---|---|---|---|---|
| Dewey Decimal Classification | General Text Book | Central University Of Rajasthan | Central University Of Rajasthan | 11/09/2015 | MTH(P) | 0.00 | 006.3 Z19R | 22401 | 01/01/2018 | 02/09/2020 | 02/09/2020 | Books |
